00462nmm a22001697a 450000500170000000800410001704100080005804400070006610000320007324500590010526000670016430000180023150000100024971000120025971000110027171000100028220140320162645.0131125b2012 ck ||||| |||| 00| 0 spa d aspa ack aRojas Rodríguez, Humberto aLa crisis global y el futuro humano tienen solución  aVillavicenciobFundación Nahumpro siglo XXIcSeptiembre 2012 a33 minc13 cm aVideo aCENACAP aSYSPRO aCIDCA